000
00298nam a22001337a 4500
008
171018b xxu||||| |||| 00| 0 eng d
020
_a
9789928400413
041
_a
ALB
080
_a
338
100
_a
53
101
_a
MEN
245
_a
MENAXHIMI I CILESIS TOTALE
_c
QEFALIA.A
942
_2
udc
_c
BK
999
_c
34596
_d
34596